000 00404nam a2200169Ia 4500
001 21497
005 20260306172923.0
008 260306t9999||||xx |||||||||||||| ||spa||
041 _aESP
082 _a345.1C6
_bM61 2011
100 _aMinisterio de Justicia del Perú
_eAUT
245 0 _aNuevo código procesal penal
300 _a
_c
650 _aGEN
654 _aCDE
942 _cLIB
_dJUS
_fJUS
_2ddc
_n
999 _c21497
_d21497